000 00336pab a2200145 454500
008 180718b1988 xxu||||| |||| 00| 0 eng d
100 _aSutcliffe, Bob.
245 _aAIDS and civil liberties
_bA comment
260 _c1988
300 _a40-2
362 _aNov.
650 _aCivil Liberties
773 _aMonthly Review
909 _a5645
999 _c5645
_d5645